00805cam a2200217 a 4500001000800000005001700008008004100025020003200066020003900098040001800137082002200155100004000177245010300217260010200320300001700422650001700439650001800456942000600474952009400480999001300574208876020240221053017.0950815s1996 enk b 001 0 eng  a0745614019 (acidfree paper) a0745614027 (pbk. : acidfree paper) aDLCcDLCdDLC00a320.54.220bNAT.2 aGuibernau i Berdún, M. Montserrat10aNationalisms :bthe nation-state and nationalism in the twentieth century /cMontserrat Guibernau. aCambridge, UK :bPolity Press ;aCambridge, MA, USA :bBlackwell Publishers [distributor],c1996. avi, 174 p. ; 0aNationalism. 0aNation-state. cL 001040708LaWERCLbWERCLd2024-02-21l0o320.54. NAT.p2273r2024-02-21w2024-02-21yL c456d456